Normal view
MARC view
- Mustanser Hussain Tarar Tarar, Mustansar Hussain
Entry Personal Name
001 - CONTROL NUMBER
- control field: 79307
003 - CONTROL NUMBER IDENTIFIER
- control field: NUST
005 - DATE AND TIME OF LATEST TRANSACTION
- control field: 20210628210421.0
008 - FIXED-LENGTH DATA ELEMENTS
- fixed length control field: 210628|| aca||aabn | a|a d
040 ## - CATALOGING SOURCE
- Original cataloging agency: NUST
- Transcribing agency: NUST
100 ## - HEADING--PERSONAL NAME
- Personal name: Mustanser Hussain Tarar Tarar, Mustansar Hussain
670 ## - SOURCE DATA FOUND
- Source citation: Work cat.: (NUST): Mustanser Hussain Tarar Tarar, Mustansar Hussain, Shamshal baymisal, 2000
